<?xml version="1.0" encoding="UTF-8"?>
<record
    xmlns:xsi="http://www.w3.org/2001/XMLSchema-instance"
    xsi:schemaLocation="http://www.loc.gov/MARC21/slim http://www.loc.gov/standards/marcxml/schema/MARC21slim.xsd"
    xmlns="http://www.loc.gov/MARC21/slim">

  <leader>00350nam a2200121Ia 4500</leader>
  <controlfield tag="008">180126s9999||||xx |||||||||||||| ||und||</controlfield>
  <datafield tag="020" ind1=" " ind2=" ">
    <subfield code="c">NT330</subfield>
    <subfield code="a">978-986-320-748-1</subfield>
  </datafield>
  <datafield tag="100" ind1=" " ind2=" ">
    <subfield code="a">&#x97D3;&#x6C81;&#x6797;</subfield>
  </datafield>
  <datafield tag="245" ind1=" " ind2="0">
    <subfield code="c">&#x97D3;&#x6C81;&#x6797;</subfield>
    <subfield code="a">&#x5927;&#x8166;&#x5FEB;&#x6A02;&#x5DE5;&#x7A0B;&#xFF1A;&#x767C;&#x73FE;&#x5167;&#x5728;&#x7684;&#x5BF6;&#x77F3;&#xFF0C;&#x50CF;&#x4F5B;&#x9640;&#x4E00;&#x6A23;&#x77E5;&#x8DB3;</subfield>
  </datafield>
  <datafield tag="250" ind1=" " ind2=" ">
    <subfield code="a">&#x4E00;&#x7248;</subfield>
  </datafield>
  <datafield tag="260" ind1=" " ind2=" ">
    <subfield code="c">2015.06</subfield>
    <subfield code="a">&#x53F0;&#x5317;&#x5E02;</subfield>
  </datafield>
  <datafield tag="300" ind1=" " ind2=" ">
    <subfield code="c"> cm.</subfield>
    <subfield code="a"> p.</subfield>
  </datafield>
  <datafield tag="942" ind1=" " ind2=" ">
    <subfield code="2">ccl</subfield>
    <subfield code="c">BOOK</subfield>
  </datafield>
  <datafield tag="999" ind1=" " ind2=" ">
    <subfield code="c">116</subfield>
    <subfield code="d">116</subfield>
  </datafield>
  <datafield tag="952" ind1=" " ind2=" ">
    <subfield code="0">0</subfield>
    <subfield code="1">0</subfield>
    <subfield code="2">ccl</subfield>
    <subfield code="4">0</subfield>
    <subfield code="7">0</subfield>
    <subfield code="a">yeezen</subfield>
    <subfield code="b">yeezen</subfield>
    <subfield code="d">2018-01-26</subfield>
    <subfield code="l">2</subfield>
    <subfield code="m">2</subfield>
    <subfield code="o">172.1 </subfield>
    <subfield code="p">C02290</subfield>
    <subfield code="r">2019-08-12 00:00:00</subfield>
    <subfield code="s">2019-07-23</subfield>
    <subfield code="w">2018-01-26</subfield>
    <subfield code="y">BOOK</subfield>
  </datafield>
</record>
